00706cam a22002531 4500001001300000003000400013005001700017008004100034010001700075025001900092041001100111043001200122050001600134082001300150100001900163245004000182250001200222260004800234300004900282350000900331500005700340650003800397999001700435ne 68004678 DLC20260227111851.0710901s1967 ua abch d 00000 eng  ane 68004678  aPL480:UAR-91740 aengegy af-ua---0 aR127.3b.K3 a610/.93210aKamal, Hassan.12aA dictionary of Pharaonic medicine. a1st ed.0 a[Cairo]bNational Publication Housec[1967] a509 p.billus., facsim., map, ports.c25 cm. a2.50 aArranged alphabetically under English medical terms. 0aMedicine, EgyptianxDictionaries. c51117d51117